Entry Personal Name
Number of records used in: 1
001 - CONTROL NUMBER
003 - CONTROL NUMBER IDENTIFIER
005 - DATE AND TIME OF LATEST TRANSACTION
- control field:
20221114110948.0
008 - FIXED-LENGTH DATA ELEMENTS
- fixed length control field:
920610n| acannaab| |n aaa |||
010 ## - LIBRARY OF CONGRESS CONTROL NUMBER
- LC control number:
n 92061954
040 ## - CATALOGING SOURCE
- Original cataloging agency:
DLC
- Transcribing agency:
DLC
- Modifying agency:
DLC
100 10 - HEADING--PERSONAL NAME
- Personal name:
Woods, Robert H.
670 ## - SOURCE DATA FOUND
- Source citation:
His Managing hospitality human resources, c1992:
- Information found:
CIP t.p. (Robert H. Woods; Ph. D.)
670 ## - SOURCE DATA FOUND
- Source citation:
Managing hospitality human resources, c1997:
- Information found:
CIP t.p. (Robert H. Woods, Ph.D., CHRE) data sheet (b. 01-27-48)